8 mots dans mots : tac (mort subite) - Statistiques

Statistiques générales
  • Ce quiz a été pris 28 fois
  • Le résultat moyen est 6 sur 8
Answers on the Grid
Answers color-coded by a green-red scale on the quiz's grid according to % correct below.
Kent---y
Ten---ulaire
Déb---uetter
At---hés-cases
Con---teur-disjoncteur
Q---écisme
Spec---ulairement
R---ller
Rat---her
Déb---age
Bébé - ---ouvette
Bê---arotène
Ebe---er
Pro---tinium
Dé---hement
As---ieusement
 
Statistiques - réponses
Réponse % Correct
Spec---ulairement
100%
Ten---ulaire
96%
Rat---her
87%
Con---teur-disjoncteur
78%
Bê---arotène
70%
Dé---hement
70%
At---hés-cases
65%
Pro---tinium
61%
Aucun quiz correspondant
Distribution des résultats
% des personnes avec chaque résultat
Percentile par nombre de réponses
Votre historique - résultats
Vous n’avez pas pris ce quiz